00344pab a2200121 454500008004000000100001700040245010000057260000900157300001300166362001200179650001000191773002100201180718b2011 xxu||||| |||| 00| 0 eng d aDas, Debjani aIs insanity a `female malady'? Lunatic women in the asylums of Bengal in the nineteenth century c2011 ap.23-47. aMay-Jun aWomen aSocial Scientist